000
00299nam a22001337a 4500
020
_a
978-93-5103-822-1
082
_a
823
_b
GEM/H
100
_a
GEMEINHART, DAN
245
_a
THE HONEST TRUTH
260
_a
NEW YORK
_b
SCHOLASTIC
_c
2015
300
_a
229
650
_a
NOVEL
_z
UNITED STATES
942
_c
BK
999
_c
3056
_d
3056